<?xml version="1.0" encoding="UTF-8"?>
<record
    xmlns:xsi="http://www.w3.org/2001/XMLSchema-instance"
    xsi:schemaLocation="http://www.loc.gov/MARC21/slim http://www.loc.gov/standards/marcxml/schema/MARC21slim.xsd"
    xmlns="http://www.loc.gov/MARC21/slim">

  <leader>02024nam a22003977a 4500</leader>
  <controlfield tag="003">OSt</controlfield>
  <controlfield tag="005">20180417131902.0</controlfield>
  <controlfield tag="008">180417s2017    spc||||| |||||0|| | spa|d</controlfield>
  <datafield tag="017" ind1=" " ind2=" ">
    <subfield code="a">DL. B.25007-2017</subfield>
    <subfield code="a">DL. B.25009-2017</subfield>
    <subfield code="a">DL. B.25010-2017</subfield>
    <subfield code="b">Biblioteca de Catalunya</subfield>
  </datafield>
  <datafield tag="020" ind1=" " ind2=" ">
    <subfield code="a">9788491800569</subfield>
    <subfield code="q">(volum 1)</subfield>
  </datafield>
  <datafield tag="020" ind1=" " ind2=" ">
    <subfield code="a">9788491163961</subfield>
    <subfield code="q">(volum 2)</subfield>
  </datafield>
  <datafield tag="020" ind1=" " ind2=" ">
    <subfield code="a">9788491163992</subfield>
    <subfield code="q">(volum 3)</subfield>
  </datafield>
  <datafield tag="020" ind1=" " ind2=" ">
    <subfield code="a">9788491164029</subfield>
    <subfield code="q">(volum 4)</subfield>
  </datafield>
  <datafield tag="040" ind1=" " ind2=" ">
    <subfield code="a">ES-BaUOC</subfield>
    <subfield code="b">cat</subfield>
    <subfield code="c">CDMR</subfield>
  </datafield>
  <datafield tag="245" ind1="0" ind2="0">
    <subfield code="a">C&#xF3;mo hacer un plan estrat&#xE9;gico de comunicaci&#xF3;n </subfield>
    <subfield code="c">/ Kathy Matilla (ed.); Joan Cuenca Fontbona, Guillem Marca Franc&#xE9;s, Andr&#xE9;a Oliveira dos Santos; pr&#xF3;logo de Montserrat Tarr&#xE9;s</subfield>
  </datafield>
  <datafield tag="260" ind1=" " ind2=" ">
    <subfield code="a">Barcelona :</subfield>
    <subfield code="b">Editorial UOC,</subfield>
    <subfield code="c">2017</subfield>
  </datafield>
  <datafield tag="300" ind1=" " ind2=" ">
    <subfield code="a">4 volums (287, 285, 265, 521 p&#xE0;gines) ;</subfield>
    <subfield code="c">23 cm</subfield>
  </datafield>
  <datafield tag="504" ind1=" " ind2=" ">
    <subfield code="a">Refer&#xE8;ncies bibliogr&#xE0;fiques</subfield>
  </datafield>
  <datafield tag="505" ind1="8" ind2=" ">
    <subfield code="a">Cont&#xE9;: 1.Un modelo de planificaci&#xF3;n estrat&#xE9;gica, paso a paso -- 2. P&#xFA;blicos y stakeholders -- 3. La investigaci&#xF3;n estrat&#xE9;gica preliminar -- 4. La investigaci&#xF3;n estrat&#xE9;gica de evaluaci&#xF3;n</subfield>
  </datafield>
  <datafield tag="650" ind1=" " ind2="7">
    <subfield code="a">Planificaci&#xF3; estrat&#xE8;gica</subfield>
    <subfield code="2">lemac</subfield>
    <subfield code="9">4329</subfield>
  </datafield>
  <datafield tag="650" ind1=" " ind2="7">
    <subfield code="a">Imatge corporativa</subfield>
    <subfield code="2">lemac</subfield>
    <subfield code="9">4288</subfield>
  </datafield>
  <datafield tag="650" ind1="0" ind2="7">
    <subfield code="a">Comunicaci&#xF3; en l'empresa</subfield>
    <subfield code="2">lemac</subfield>
    <subfield code="9">2798</subfield>
  </datafield>
  <datafield tag="650" ind1="0" ind2="4">
    <subfield code="a">Gabinets de premsa</subfield>
    <subfield code="9">3333</subfield>
  </datafield>
  <datafield tag="650" ind1=" " ind2="4">
    <subfield code="a">Imatge corporativa</subfield>
    <subfield code="9">4288</subfield>
  </datafield>
  <datafield tag="700" ind1="1" ind2=" ">
    <subfield code="a">Matilla, Kathy,</subfield>
    <subfield code="e">autor,</subfield>
    <subfield code="e">editor literari</subfield>
  </datafield>
  <datafield tag="700" ind1="1" ind2=" ">
    <subfield code="a">Cuenca Fontbona, Joan,</subfield>
    <subfield code="e">autor</subfield>
  </datafield>
  <datafield tag="700" ind1="1" ind2=" ">
    <subfield code="a">Marca Franc&#xE9;s, Guillem,</subfield>
    <subfield code="e">autor</subfield>
  </datafield>
  <datafield tag="700" ind1="1" ind2=" ">
    <subfield code="a">Oliveira dos Santos, Andrea,</subfield>
    <subfield code="e">autor</subfield>
  </datafield>
  <datafield tag="700" ind1="1" ind2=" ">
    <subfield code="a">Tarr&#xE9;s, Montserrat,</subfield>
    <subfield code="e">escriptor d'un pr&#xF2;leg</subfield>
  </datafield>
  <datafield tag="700" ind1="1" ind2="2">
    <subfield code="i">Contenidor de (obra):</subfield>
    <subfield code="a">Matilla, Kathy.</subfield>
    <subfield code="t">Un modelo de planificaci&#xF3;n estrat&#xE9;gica, paso a paso</subfield>
  </datafield>
  <datafield tag="700" ind1="1" ind2="2">
    <subfield code="i">Contenidor de (obra):</subfield>
    <subfield code="a">Oliveira dos Santos, Andrea.</subfield>
    <subfield code="t">P&#xFA;blicos y stakeholders</subfield>
  </datafield>
  <datafield tag="700" ind1="1" ind2="2">
    <subfield code="i">Contenidor de (obra):</subfield>
    <subfield code="a">Cuenca Fontbona, Joan.</subfield>
    <subfield code="t">La investigaci&#xF3;n estrat&#xE9;gica preliminar</subfield>
  </datafield>
  <datafield tag="700" ind1="1" ind2="2">
    <subfield code="i">Contenidor de (obra):</subfield>
    <subfield code="a">Marca Franc&#xE9;s, Guillem.</subfield>
    <subfield code="t">La investigaci&#xF3;n estrat&#xE9;gica de evaluaci&#xF3;n</subfield>
  </datafield>
  <datafield tag="710" ind1="2" ind2=" ">
    <subfield code="a">Universitat Oberta de Catalunya,</subfield>
    <subfield code="e">entitat editora</subfield>
  </datafield>
  <datafield tag="942" ind1=" " ind2=" ">
    <subfield code="c">MON</subfield>
  </datafield>
  <datafield tag="999" ind1=" " ind2=" ">
    <subfield code="c">7124</subfield>
    <subfield code="d">7124</subfield>
  </datafield>
  <datafield tag="952" ind1=" " ind2=" ">
    <subfield code="0">0</subfield>
    <subfield code="1">0</subfield>
    <subfield code="4">0</subfield>
    <subfield code="7">0</subfield>
    <subfield code="a">CDMR</subfield>
    <subfield code="b">CDMR</subfield>
    <subfield code="d">2018-04-17</subfield>
    <subfield code="e">Intercanvi</subfield>
    <subfield code="g">29.50</subfield>
    <subfield code="l">13</subfield>
    <subfield code="m">10</subfield>
    <subfield code="o">Cm 3/49</subfield>
    <subfield code="p">CDMR18040011</subfield>
    <subfield code="r">2020-09-21</subfield>
    <subfield code="s">2020-06-28</subfield>
    <subfield code="t">Vol. 1</subfield>
    <subfield code="v">29.50</subfield>
    <subfield code="w">2018-04-17</subfield>
    <subfield code="y">MON</subfield>
  </datafield>
  <datafield tag="952" ind1=" " ind2=" ">
    <subfield code="0">0</subfield>
    <subfield code="1">0</subfield>
    <subfield code="4">0</subfield>
    <subfield code="7">0</subfield>
    <subfield code="a">CDMR</subfield>
    <subfield code="b">CDMR</subfield>
    <subfield code="d">2018-04-17</subfield>
    <subfield code="e">Intercanvi</subfield>
    <subfield code="g">27.00</subfield>
    <subfield code="l">5</subfield>
    <subfield code="m">4</subfield>
    <subfield code="o">Cm 3/50</subfield>
    <subfield code="p">CDMR18040012</subfield>
    <subfield code="r">2020-03-02</subfield>
    <subfield code="s">2020-01-13</subfield>
    <subfield code="t">Vol. 2</subfield>
    <subfield code="v">27.00</subfield>
    <subfield code="w">2018-04-17</subfield>
    <subfield code="y">MON</subfield>
  </datafield>
  <datafield tag="952" ind1=" " ind2=" ">
    <subfield code="0">0</subfield>
    <subfield code="1">0</subfield>
    <subfield code="4">0</subfield>
    <subfield code="7">0</subfield>
    <subfield code="a">CDMR</subfield>
    <subfield code="b">CDMR</subfield>
    <subfield code="d">2018-04-17</subfield>
    <subfield code="e">Intercanvi</subfield>
    <subfield code="g">29.00</subfield>
    <subfield code="l">7</subfield>
    <subfield code="m">5</subfield>
    <subfield code="o">Cm 3/51</subfield>
    <subfield code="p">CDMR18040013</subfield>
    <subfield code="r">2020-07-21</subfield>
    <subfield code="s">2020-06-28</subfield>
    <subfield code="t">Vol. 3</subfield>
    <subfield code="v">29.00</subfield>
    <subfield code="w">2018-04-17</subfield>
    <subfield code="y">MON</subfield>
  </datafield>
  <datafield tag="952" ind1=" " ind2=" ">
    <subfield code="0">0</subfield>
    <subfield code="1">0</subfield>
    <subfield code="4">0</subfield>
    <subfield code="7">0</subfield>
    <subfield code="a">CDMR</subfield>
    <subfield code="b">CDMR</subfield>
    <subfield code="d">2018-04-17</subfield>
    <subfield code="e">Intercanvi</subfield>
    <subfield code="g">36.00</subfield>
    <subfield code="l">4</subfield>
    <subfield code="m">2</subfield>
    <subfield code="o">Cm 3/52</subfield>
    <subfield code="p">CDMR18040014</subfield>
    <subfield code="r">2019-05-07</subfield>
    <subfield code="s">2019-01-25</subfield>
    <subfield code="t">Vol. 4</subfield>
    <subfield code="v">36.00</subfield>
    <subfield code="w">2018-04-17</subfield>
    <subfield code="y">MON</subfield>
  </datafield>
</record>
